[Event "Vandoeuvre op 5th"]
[Site "Vandoeuvre"]
[Date "2008.12.29"]
[Round "8"]
[White "Marie, Loic"]
[Black "Marzolo, Cyril"]
[Result "0-1"]
[WhiteElo "1903"]
[BlackElo "2484"]
[PlyCount "74"]
[EventDate "2008.12.26"]
[EventType "swiss"]
[EventRounds "9"]
[EventCountry "FRA"]
[SourceTitle "CBM 127 Extra"]
[Source "ChessBase"]
[SourceDate "2009.01.08"]
[SourceVersion "2"]
[SourceVersionDate "2009.01.28"]
[SourceQuality "1"]

1. c4 Nf6 2. Nc3 e5 3. g3 Bb4 4. Nd5 Nc6 5. Bg2 0-0 6. a3 Be7 7. e3 d6 8. Ne2 Bf5 9. d4 Re8 10. 0-0 Qd7 11. Re1 Rac8 12. b4 e4 13. Nec3 Nd8 14. Bb2 c6 15. Nxe7+ Rxe7 16. d5 c5 17. Ne2 Ng4 18. Nf4 Ne5 19. Bxe5 Rxe5 20. h3 h6 21. g4 Bh7 22. bxc5 Rxc5 23. Qd4 b6 24. f3 exf3 25. Bxf3 Nb7 26. Ra2 Na5 27. Be2 Re4 28. Qa1 Qe7 29. Bd3 Re5 30. Bxh7+ Kxh7 31. Rf2 Rxc4 32. Qb1+ Kg8 33. Ref1 Rc7 34. Ng6 fxg6 35. Qxg6 Nb7 36. Kh1 Qe8 37. Qd3 Nc5 0-1

[Event "FRA-ch U14"]
[Site "Le Grand Bornand"]
[Date "2007.04.15"]
[Round "9"]
[White "Dubessay, Bastien"]
[Black "Marie, Loic"]
[Result "1-0"]
[WhiteElo "2131"]
[BlackElo "1910"]
[PlyCount "61"]
[EventDate "2007.04.07"]
[EventType "swiss"]
[EventRounds "9"]
[EventCountry "FRA"]
[SourceTitle "CBM 118 Extra"]
[Source "ChessBase"]
[SourceDate "2007.07.04"]
[SourceVersion "1"]
[SourceVersionDate "2007.07.04"]
[SourceQuality "1"]

1. d4 e6 2. c4 Nf6 3. Nf3 c5 4. d5 d6 5. Nc3 h6 6. e4 e5 7. h3 Be7 8. Bd3 Na6 9. a3 Bd7 10. 0-0 0-0 11. Ne1 Nh7 12. f4 Bf6 13. f5 Bg5 14. Nf3 Bxc1 15. Qxc1 Ng5 16. Nh2 f6 17. h4 Nh7 18. Be2 Qe8 19. Ng4 Qe7 20. Kf2 Be8 21. Rh1 Bf7 22. Qd2 Kh8 23. Rag1 Bh5 24. Nxe5 fxe5 25. Bxh5 Qf6 26. Ke1 Rfd8 27. g4 Kg8 28. g5 hxg5 29. hxg5 Qe7 30. Bg6 Nf8 31. Qh2 1-0

[Event "FRA-ch U14"]
[Site "Le Grand Bornand"]
[Date "2007.04.14"]
[Round "8"]
[White "Marie, Loic"]
[Black "Farnolle, Rudy"]
[Result "1-0"]
[WhiteElo "1910"]
[BlackElo "1769"]
[PlyCount "72"]
[EventDate "2007.04.07"]
[EventType "swiss"]
[EventRounds "9"]
[EventCountry "FRA"]
[SourceTitle "CBM 118 Extra"]
[Source "ChessBase"]
[SourceDate "2007.07.04"]
[SourceVersion "1"]
[SourceVersionDate "2007.07.04"]
[SourceQuality "1"]

1. d4 Nf6 2. c4 e6 3. Nc3 Bb4 4. f3 d5 5. Bg5 Be7 6. e3 c5 7. cxd5 Nxd5 8. Bxe7 Qxe7 9. Bb5+ Bd7 10. Nxd5 exd5 11. Bxd7+ Nxd7 12. Kf2 0-0 13. dxc5 Nxc5 14. Ne2 Rfe8 15. Qd4 Na6 16. Rac1 Nb4 17. a3 Nc6 18. Qc5 Ne5 19. Qxe7 Nd3+ 20. Kg3 Rxe7 21. Rc3 Nxb2 22. Rhc1 h6 23. Nf4 Rd7 24. R1c2 Na4 25. Rd3 Rad8 26. Rcd2 Nb6 27. h4 Nc4 28. Rc2 Ne5 29. Rd4 Nc6 30. Rd3 Ne7 31. Rcd2 Nf5+ 32. Kg4 g6 33. e4 Nxh4 34. Nxd5 Rxd5 35. Rxd5 Rf8 36. Kxh4 Kg7 1-0